Нечуй. Немов. Небач (Запис № 579560)
[ простий вигляд ]
| 000 -Лідер | |
|---|---|
| fixed length control field | 02421 a2200229 4500 |
| 003 - Ідентифікатор контрольного номера | |
| control field | UA-OsUOA |
| 005 - Дата та час останнього входження (трансакції) | |
| control field | 20251205114628.0 |
| 008 - Елементи даних фіксованої довжини – загальна інформація | |
| fixed length control field | 251205b un ||||| |||| 00| 0 ukr d |
| 020 ## - Міжнародний стандартний книжковий номер (ISBN) | |
| Міжнародний стандартний книжковий номер (ISBN) (НП) | 9786178287849 |
| 040 ## - Джерело каталогізації | |
| Мова каталогізації | ukr |
| Агенція, яка здійснювала перезапис | UA-OsUOA |
| 080 ## - Індекс Універсальної десяткової класифікації | |
| Індекс Універсальної десяткової класифікації (УДК) (НП) | 821.161.2 |
| 090 ## - Локальний шифр розміщення | |
| Класифікаційний індекс УДК | 821.161.2 |
| Авторський знак (НП) | Я92 |
| 100 ## - Основне введення – ім’я особи | |
| Ім’я особи (НП) | Яценко П. |
| 9 (RLIN) | 22940 |
| 245 ## - Відомості про назву | |
| Назва (НП) | Нечуй. Немов. Небач |
| Решта назви (НП) | кінороман |
| Дані про відповідальність (НП) | Петро Яценко |
| 260 ## - Публікація, розповсюдження і т.п. (Вихідні дані) | |
| Місце публікації, розповсюдження і т.п. (П) | Харків |
| Ім’я/ наймення видавництва, розповсюджувача і т.п. (П) | Жорж |
| Дата публікації, розповсюдження і т.п. (П) | 2025 |
| 300 ## - Фізичний опис | |
| Обсяг | 208 с. |
| 520 ## - Резюме і т.п. | |
| Резюме, реферат, анотація, тощо (НП) | Події в романі розгортаються в кінці XIX століття, у так звану Вікторіанську епоху, для якої був характерний динамічний розвиток промисловості, наук, суспільних рухів та мистецтва. У великій Грі зійшлися найбільша імперія, яка намагається продовжити своє існування, та загадковий письменник з механічним серцем.<br/><br/>Бурхливе кохання Івана Левицького, відомого як Нечуй, зрада та відданість в епоху досконалих парових машин. Факти з життя української богеми, які не ввійшли до шкільних підручників. Громада культурних супергероїв, які об'єдналися, аби врятувати свій народ. На їхньому боці — прихована зброя, реліктові істоти, підкуп, гострота розуму, енциклопедичні знання та швидкість реакції.<br/><br/>Реконструйована біографія одного з найталановитіших, найзагадковіших і найнедооціненіших письменників XIX-ХХ століть Нечуя-Левицького занурює читача надзвичайно захопливі часи завдяки призабутому жанру кінороману. |
| 650 ## - Додаткове предметне введення – тематичний термін | |
| Тематичний термін чи географічна назва, як елемент введення (НП) | 821.161.2 Українська література |
| 9 (RLIN) | 41 |
| 942 ## - Додаткові елементи входу (Коха) | |
| Тип елемента Koha | Книги |
| Source of classification or shelving scheme | Universal Decimal Classification |
| 955 ## - Код типу видання за змістом | |
| Код типу видання за змістом (НП) | Літературно-художні видання |
| Стан вилучень | Стан втрат | Джерело класифікації або схеми стелажів | Стан уражень | Не для кредиту | Постійне місце розташування | Поточне розміщення | Дата придбання | Джерело придбання | Вартість, звичайна ціна покупки | Усього замовленно | Повний номер виклику | Штрих-код | Дата останнього перегляду | Вартість, ціна заміни | Ціна ефективна від | Тип елемента Koha |
|---|---|---|---|---|---|---|---|---|---|---|---|---|---|---|---|---|
| Universal Decimal Classification | АБ - Абонемент НБ | АБ - Абонемент НБ | 05/12/2025 | №65/05.12.2025 | 200.00 | 821.161.2 Я92 | 169172 | 05/12/2025 | 200.00 | 05/12/2025 | Книги |